000 00818nam a22002057a 4500
999 _c16223
_d16223
003 AR-CdUCM
008 190502b ||||| |||| 00| 0 spa d
040 _aMUNICIPALIDAD PROVINCIAL DEL CUSCO
_cBIBLIOTECA MUNICIPAL DEL CUSCO
082 _a639.592 /
_bS19
100 _aSánchez Reyes, Cristian
_921418
245 _aPavos :
_bCría, producción y comercialización /
260 _aLima :
_bEds. Ripalme,
_c2005
300 _a135 paginas ;
_c20 cm.
505 _aContenido :El origen de los pavos --Para conocer a los pavos --Tipos y razas de pavos --El pavo domestico y los cruces --La cría del pavo --Valor nutritivo de la carne de pavo ...
650 _aPavos
_935539
650 _aAlimentación y alimentos
_932673
650 _aIndustria avícola
_935540
942 _2ddc
_cLIBROS
945 _arjall
_d2018-05-02